| 000 | 00405nam a2200145Ia 4500 | ||
|---|---|---|---|
| 008 | 231217s9999 xx 000 0 und d | ||
| 041 | _aEnglish | ||
| 082 | _a510.02462 RAM.2;2 | ||
| 100 | _aRamamurthy K Qureshi, Arshad | ||
| 245 | 0 | _aElements of engineering mathematics V.2 (Annual) | |
| 260 |
_c1993 _bSudha |
||
| 300 | _a470 | ||
| 650 | _aLaplace transforms Fourier series Matrices | ||
| 942 | _cAA | ||
| 999 |
_c162507 _d162507 |
||